00606 2200229 4500001002100000005001500021035002000036007000300056008004100059020001900100082001100119084001700130100001300147245008200160250001900242260003700261300002900298650001400327700001400341990001000355990001100365INLIS00000000000552920200310102450 a0010-0320000097ta200310 g 0 ind  a97897930271428 a610.73 a610.73 NUR a0 aNURSALAM1 aASUHAN KEPERAWATAN PADA pASIEN DENGAN gANGGUAN SISTEM PERKEMIHAN /cNursalam aCet. 1 jilid 1 aJakarta :bSalemba Medika,c2008 ax, 188 hlm ;c15 x 23 cm 4aKESEHATAN0 aFRANSISCA a10564 a10564a